000 01452nam a2200421 c 4500
001 18272
003 ES-MaCES
005 20141221122530.0
008 051129s2005 sp o000 | spa d
017 _aM 30894-2005
_bDL
020 _a8496518108
035 _aCES20050014151m
040 _aES-MaCES
_bspa
_cES-MaCES
245 0 0 _aAspectos económicos de la jurisdicción social
_cdirector, Enrique Lillo Pérez
260 _aMadrid
_bConsejo General del Poder Judicial
_c[2005]
300 _a334 p.
_c22 cm
490 1 _aEstudios de derecho judicial
_v66
504 _aBibliografía
541 _cGratuito
650 4 _aresponsabilidad del empleador
_930146
650 4 _aconsecuencias económicas
_927082
650 4 _adespido colectivo
_928359
650 4 _aterminación de la relación de trabajo
_929986
650 4 _aindemnización
_930642
650 4 _aseguridad en el trabajo
_928348
650 4 _asalud en el trabajo
_928347
650 4 _aaccidente de trayecto
_930246
650 4 _aderechos sindicales
_929470
650 4 _aEspaña
_926964
650 4 _aderecho del trabajo
_927165
653 1 0 _aDerecho del trabajo y Seguridad Social
700 1 _aLillo Pérez, Enrique
_edir.
_916607
710 1 _aEspaña
_bConsejo General del Poder Judicial
_eed.
_92750
830 0 _aEstudios de derecho judicial
_v66
_933151
902 _aLIB Libro
942 _2CES
_cBK
_h6.0.1.
999 _c18272
_d18272